Štúdia vplyvu kvality a rozsahu experimentálneho podkladu na opis viaczložkovej rovnováhy kvapalina-para, kvapalina-kvapalina pre potreby návrhu viaczložkovej extrakčnej a azeotropickej destilácie dizertačná práca

Gespeichert in:
Bibliographische Detailangaben
1. Verfasser: Chlebovec, Matúš
Format: Buch
Sprache:Slowakisch
Veröffentlicht: Bratislava STU FCHPT 2012
Online-Zugang:Im OPAC anzeigen
Tags: Tag hinzufügen
Keine Tags, Fügen Sie das erste Tag hinzu!

MARC

LEADER 00000nam a2200000 a 4500
005 20260127134207.0
008 150205 2012 000 0 slo d
035 |a vtls010652263 
039 9 |y 201502050953  |z mschk03 
040 |a STUSCHK1  |b slo  |c STUSCHK1  |e AACR2 
100 1 |a Chlebovec, Matúš 
245 1 |a Štúdia vplyvu kvality a rozsahu experimentálneho podkladu na opis viaczložkovej rovnováhy kvapalina-para, kvapalina-kvapalina pre potreby návrhu viaczložkovej extrakčnej a azeotropickej destilácie  |b dizertačná práca  |c Matúš Chlebovec 
260 |a Bratislava  |b STU FCHPT  |c 2012 
300 |a 174 s.  |b il.  |c 30 cm 
500 |a Študijný program a odbor: chemické inžinierstvo 
500 |a Školiace pracovisko: chemické inžinierstvo 
910 |a SCHK95 
999 |c 6337  |d 6337